Представление документа в формате MARC21

ПолеНазваниеЗначение
  Тип записи a
  Библиографический уровень m
001 Контрольный номер RU\infra-m\znanium\bibl\2224093
005 Дата корректировки 20260429142259.0
008 Кодируемые данные 250917s2025 RU g rus u
020 Индекс ISBN __
a ISBN 978-5-16-019040-2
020 Индекс ISBN __
a ISBN 978-5-16-104532-9 (электр. издание)
040 Источник каталогиз. __
a Служба первич. каталог. Общество с ограниченной ответственностью «ЗНАНИУМ»
041 Код языка издания __
a Код языка текста rus
044 Код страны публикации __
a Код страны публикации RU
080 Индекс УДК __
a Индекс УДК 811.133.1(6)
084 Индекс другой классификации/Индекс ББК __
2 Источник индекса rubbk
a Индекс другой классификации/Индекс ББК 81.2Фр
084 Индекс другой классификации/Индекс ББК __
2 Источник индекса okso
a Индекс другой классификации/Индекс ББК 45.03.02
100 Автор __
a Автор Багана Ж.
q Полное имя Багана Жером
u Дополнение Белгородский государственный институт искусств и культуры
245 Заглавие __
a Заглавие Французский язык в Африке: проблемы интерференции
b Продолж. заглавия Монография
c Ответственность Белгородский государственный институт искусств и культуры
250 Сведения об издании __
a Основные сведения об издании 1
260 Выходные данные __
a Место издания Москва
b Издательство ООО "Научно-издательский центр ИНФРА-М"
c Дата издания 2026
300 Физическое описание __
a Объем 163 с.
440 Серия __
a Серия Научная мысль
520 Аннотация __
a Аннотация В монографии рассматриваются теоретические основы взаимодействия языков; особое внимание уделяется явлению интерференции как результату этого взаимодействия. В центре внимания находится французский язык стран Центральной Африки который контактируя с языком киконго (группа банту) претерпевает изменения на фонетическом и морфолого-синтаксическом уровнях. Для специалистов в области общего африканского и романского языкознания.
521 Примеч. о цел. назн. __
a Примеч. о целев. назн. Дополнительное профессиональное образование
650 Тематические рубрики __
a Основная рубрика Филологические науки
x Основная подрубрика Французский язык
655 Указ. предметных рубрик (устаревшее) __
a Жанр/ форма (устаревшее) Монография
856 Электронный адрес документа 4_
a Имя сервера/домена znanium.ru
m Помощь ebs_support@infra-m.ru
n Местонахождение сервера НИЦ ИНФРА-М
u URL https://znanium.ru/catalog/document?id=469837
856 Электронный адрес документа 48
a Имя сервера/домена znanium.ru
d Путь /cover/2224
f Электронное имя 2224093.jpg
q Тип электронного формата image/jpeg
u URL https://znanium.ru/cover/2224/2224093.jpg
911 __
u 0030=https://znanium.ru/catalog/document?id=469837